000 00629nam a22002172 4500
001 44849
003 BD-RJUL
005 20211209053928.0
008 160720s1964 enk 000 0 eng d
035 _aBD-RJUL 44967
040 _aEUW
_cEUW
_dUKM
_dEQO
_beng
041 _aeng
082 0 4 _a155.645
_218
_bWAS 1964
100 1 _aWallis, J. H.
_9137438
245 1 0 _aSexual harmony in marriage /
_cby J. H. Wallis.
260 _aLondon :
_bRoutledge & Kegan Paul,
_cc1964
300 _aviii, 132 p. ;
_c19 cm.
500 _aAlso published New York : Roy Publishers, c1964.
650 _aSexual ethics
_9137543
942 _2ddc
_cBK
999 _c44849
_d44849